Normal view
MARC view
- Hassan, Qusay F.,
Entry Personal Name
001 - CONTROL NUMBER
- control field: 95149
003 - CONTROL NUMBER IDENTIFIER
- control field: NUST
005 - DATE AND TIME OF LATEST TRANSACTION
- control field: 20220726105816.0
008 - FIXED-LENGTH DATA ELEMENTS
- fixed length control field: 220726|| aca||aabn | a|a d
040 ## - CATALOGING SOURCE
- Original cataloging agency: NUST
- Transcribing agency: NUST
100 ## - HEADING--PERSONAL NAME
- Personal name: Hassan, Qusay F.,
- Dates associated with a name: 1982-
670 ## - SOURCE DATA FOUND
- Source citation: Work cat.: (NUST)0: Internet of things :
